Coupes du Monde de Football: Maroc - Statistiques

Statistiques générales
  • Ce quiz a été pris 1 008 fois
    890 depuis la dernière actualisation
  • Le résultat moyen est 11 sur 17
Statistiques - réponses
Réponse % Correct
France
100%
Espagne
98%
Portugal
98%
Belgique
96%
Croatie
96%
Canada
92%
Brésil
81%
Iran
78%
RFA
75%
Angleterre
57%
Norvège
43%
Pays-Bas
43%
Ecosse
39%
Pologne
39%
Arabie Saoudite
33%
Pérou
28%
Bulgarie
22%
Aucun quiz correspondant
Distribution des résultats
% des personnes avec chaque résultat
Percentile par nombre de réponses
Votre historique - résultats
Vous n’avez pas pris ce quiz depuis la dernière actualisation